| 000 | 00536 a2200169 4500 | ||
|---|---|---|---|
| 005 | 20190808075451.0 | ||
| 008 | 190808s1985 ck ||||| |||| 00| 0 spa d | ||
| 040 |
_aCO-BoUCM _bspa _cSaul Niño _dSaul Niño |
||
| 041 | 0 | _aspa | |
| 100 | 1 | 0 |
_aSierra García, Jaime _996910 |
| 245 |
_aHombre e ideas _cJaime Sierra García |
||
| 260 |
_aMedellín _bEditorial Lealon _c1985 |
||
| 650 | 7 |
_912826 _aDerecho público |
|
| 650 | 7 |
_97900 _aPartidos políticos |
|
| 942 |
_cLIBRO _2DEWEY _a8 _e1 _h342.092 _mS572h |
||
| 999 |
_c314066 _d314066 |
||